Hindustaan : (Record no. 87767)
[ view plain ]
| 000 -LEADER | |
|---|---|
| fixed length control field | 00658nam a22002057a 4500 |
| 005 - DATE AND TIME OF LATEST TRANSACTION | |
| control field | 20140811125445.0 |
| 010 ## - LCCN (DPL NO) | |
| LC control number | B-506343-348 |
| 020 ## - INTERNATIONAL STANDARD BOOK NUMBER | |
| International Standard Book Number | 9789380828473 |
| Terms of availability | 295.00 |
| 035 ## - SYSTEM CONTROL NUMBER | |
| System control number | B-506343-348 |
| 037 ## - SOURCE OF ACQUISITION | |
| Stock number | KBD/Ven |
| Source of stock number/acquisition | dpl |
| 082 ## - DEWEY DECIMAL CLASSIFICATION NUMBER | |
| Classification number | N |
| 100 ## - MAIN ENTRY--PERSONAL NAME | |
| Personal name | Dhar, Mainak |
| 245 ## - TITLE STATEMENT | |
| Title | Hindustaan : |
| Statement of responsibility, etc | by Mainak Dhar |
| Remainder of title | what if the british never conquered India? / |
| 260 ## - PUBLICATION, DISTRIBUTION, ETC. (IMPRINT) | |
| Place of publication, distribution, etc | New Delhi |
| Name of publisher, distributor, etc | Vitasta Publishers |
| Date of publication, distribution, etc | 2012 |
| 270 ## - ADDRESS | |
| Address | 2/15, Ansari Road, Daryaganj |
| City | Delhi |
| Postal code | 110002 |
| 300 ## - PHYSICAL DESCRIPTION | |
| Extent | 285p. |
| Dimensions | 24cms(pbk) |
| 500 ## - GENERAL NOTE | |
| General note | includes index |
| 942 ## - ADDED ENTRY ELEMENTS (KOHA) | |
| Source of classification or shelving scheme | Dewey Decimal Classification |
| Item type | English Books |
| Classification part | N |
| Call number suffix | DHA |
| Withdrawn status | Lost status | Not for loan | Collection code | Home library | Current library | Date acquired | Source of acquisition | Cost, normal purchase price | Full call number | Barcode | Copy number | Cost, replacement price | Koha item type |
|---|---|---|---|---|---|---|---|---|---|---|---|---|---|
| Fiction | Central Library | Central Library | 11/08/2014 | KBD/BL22/19.3.2013/171/19.3.2013/22.3.2013 | 295.00 | N DHA | B-506343 | 1 | 295.00 | English Books | |||
| Fiction | Janak Puri | Janak Puri | 11/08/2014 | KBD/BL22/19.3.2013/171/19.3.2013/22.3.2013 | 295.00 | N DHA | B-506345 | 1 | 295.00 | English Books | |||
| Written-off vide DLB M. No. 383 dt 16.05.19 | Fiction | Patel Nagar | Patel Nagar | 11/08/2014 | KBD/BL22/19.3.2013/171/19.3.2013/22.3.2013 | 295.00 | N DHA | B-506344 | 1 | 295.00 | English Books | ||
| Fiction | Sarojini Nagar | Sarojini Nagar | 11/08/2014 | KBD/BL22/19.3.2013/171/19.3.2013/22.3.2013 | 295.00 | N DHA | B-506346 | 1 | 295.00 | English Books | |||
| Fiction | Shahdara Branch | Shahdara Branch | 11/08/2014 | KBD/BL22/19.3.2013/171/19.3.2013/22.3.2013 | 295.00 | N DHA | B-506348 | 1 | 295.00 | English Books | |||
| Fiction | Vinoba Puri | Vinoba Puri | 11/08/2014 | KBD/BL22/19.3.2013/171/19.3.2013/22.3.2013 | 295.00 | N DHA | B-506347 | 1 | 295.00 | English Books |
